| 000 | 00479nam a2200169Ia 4500 | ||
|---|---|---|---|
| 003 | OSt | ||
| 005 | 20230608151802.0 | ||
| 008 | 210423s2004 xx 000 0 und d | ||
| 040 | _cAL | ||
| 082 |
_a658.4 SINH _223 |
||
| 100 |
_aSINGH (Nirmal). _9122753 |
||
| 245 | _aHuman relations and organizational behaviour. | ||
| 260 |
_aNew Delhi _bDeep and deep publication _c2004 |
||
| 365 |
_b200 _cINR |
||
| 906 | _abehaviour. ; Human ; organizational ; relations | ||
| 942 |
_2ddc _cBK |
||
| 999 |
_c174041 _d174041 |
||